000 00389nam a2200157Ia 4500
008 221030s9999 xx 000 0 und d
020 _a81203=29139
041 _aEnglish
082 _a105.23
_bTan
100 _aA. S. Tanenbaum
245 0 _aStructured Computer Organization
_cby A. S. Tanenbaum
260 _bPHI
_aNew Delhi
_c2006
300 _a777
650 _aComputers
942 _cBK
999 _c2808
_d2808